Statistics for Kevin Owens's WrestleMania Opponents

Click here to take the quiz!

General Stats

  • This quiz has been taken 75 times
    (16 since last reset)
  • The average score is 14 of 16

Answer Stats

WrestleManiaOpponent% Correct
WrestleMania XLLogan Paul
100%
WrestleMania XLRandy Orton
100%
Wrestlemania 39Jey Uso
92%
Wrestlemania 39Jimmy Uso
92%
Wrestlemania 37Sami Zayn
92%
Wrestlemania 32Sami Zayn
92%
Wrestlemania 32The Miz
92%
Wrestlemania 34Daniel Bryan
85%
Wrestlemania 36Seth Rollins
85%
WrestleMania 34Shane McMahon
85%
Wrestlemania 32Stardust
85%
Wrestlemania 38Stone Cold Steve Austin
85%
Wrestlemania 32Zack Ryder
85%
WrestleMania 33Chris Jericho
77%
Wrestlemania 32Dolph Ziggler
77%
Wrestlemania 32Sin Cara
62%

Score Distribution

Percentile by Number Answered

Percent of People with Each Score

Your Score History

You have not taken this quiz since the last reset